00883nam a22002417a 4500003000400000005001700004008004100021020001500062040000900077100002600086245010200112260003300214300001600247500011800263600002500381650003400406650002000440650003400460700002500494942001300519999001500532952009400547OSt20131105174059.0130524s1993 sp ||||| |||| 00| 0 spa d a8440641818 cCDMR1 93524aRoura, Assumpta13aLuis del Olmob: la radio y yo : veinte años de "Protagonistas"cAssumpta Roura, Luis del Olmo aBarcelonabEdiciones Bc1993 a280 p.bil. aRecull de transcripcions d'entrevistes radiofòniques realitzades per Luis del Olmo al programa "Protagonistas"1 93523aOlmo, Luis del0493531aProgrames d'entrevistes0494266aIntervius0491720aRadiodifusiózEspanya 93523aOlmo, Luis del 2udccMON c6322d6322 00104070aCDMRbCDMRd2013-01-16l0oBk /71pCDMR13056519Ir2013-05-28w2013-05-28yMON